000
00347 a2200157 4500
001
148743
040
_c
Escola São Tomás de Aquino
100
_a
STRAUSZ, Rosa Amanda
240
1
0
_a
Um nó na cabeça
_l
por
245
1
0
_a
Um nó na cabeça
300
_a
44
362
0
_a
2011
440
1
_a
FTD
697
_a
*LITERATURA INFANTO
942
_c
BK
999
_c
148743
_d
148743